000 00460nam a2200145 a 4500
001 000035082
005 20200930074107.0
008 111025s2004 dr 000 0 spa d
040 _aDO-SdBNP
_bspa
_cBNPHU
100 1 _aVíctor Hugo ;
_960741
245 1 0 _aHernani :
_bdrame /
_cVíctor Hugo,.
260 _aParis ; :
_bLibrairie Larousse,
_c[200?].
300 _a191 p. ;
_c17 cm.
590 _aPerteneció a la biblioteca personal de Juan Isidro Jimenes Grullón.
999 _c34573
_d34573